Ч . 8 : Введение в геофизику; Нефтегазовое дело. Книга для преподавателя

Bibliographic Details
Parent link:Нефтегазовое дело. Книга для преподавателя=Petroleum Engineering. Teacher's book: учебное пособие; Национальный исследовательский Томский политехнический университет (ТПУ), Институт природных ресурсов (ИПР), Кафедра иностранных языков (ИЯПР). Ч . 8 : Введение в геофизику.— 2-е изд., испр. и доп..— , 2015
Other Authors: Болсуновская Л. М. Людмила Михайловна, Абрамова Р. Н. Раиса Николаевна, Матвеенко И. А. Ирина Алексеевна, Терре Д. А. Дина Анатольевна
Summary:Заглавие с титульного экрана
Электронная версия печатной публикации
Текст на английском языке
Режим доступа: из корпоративной сети ТПУ
Language:English
Published: 2015
Subjects:
Online Access:http://www.lib.tpu.ru/fulltext2/m/2015/m260.pdf
Format: Electronic Book
KOHA link:https://koha.lib.tpu.ru/cgi-bin/koha/opac-detail.pl?biblionumber=301960

MARC

LEADER 00000nlm2a2200000 4500
001 301960
005 20240117162953.0
035 |a (RuTPU)RU\TPU\book\327153 
090 |a 301960 
100 |a 20150818d2015 m y0rusy50 ca 
101 0 |a eng 
102 |a RU 
105 |a a j 001zy 
135 |a drcn ---uucaa 
200 0 |a Ч . 8 : Введение в геофизику  |d P . 8 : Introduction to geophysics  |f Л. М. Болсуновская [и др.] 
210 |d 2015 
300 |a Заглавие с титульного экрана 
300 |a Электронная версия печатной публикации 
300 |a Текст на английском языке 
333 |a Режим доступа: из корпоративной сети ТПУ 
337 |a Adobe Reader 
461 1 |0 (RuTPU)RU\TPU\book\327124  |t Нефтегазовое дело. Книга для преподавателя  |l Petroleum Engineering. Teacher's book  |o учебное пособие  |o в 8 ч.  |g Национальный исследовательский Томский политехнический университет (ТПУ), Институт природных ресурсов (ИПР), Кафедра иностранных языков (ИЯПР)   |v Ч . 8 : Введение в геофизику  |e 2-е изд., испр. и доп.  |d 2015 
510 1 |a P . 8 : Introduction to geophysics  |z eng 
606 1 |a Английский язык  |x Учебные руководства и пособия  |x Учебные руководства и пособия для высшей школы  |2 stltpush  |3 (RuTPU)RU\TPU\subj\29071  |9 52483 
610 1 |a электронный ресурс 
610 1 |a труды учёных ТПУ 
610 1 |a учебные пособия 
610 1 |a нефтегазовое дело 
610 1 |a профессиональное общение 
610 1 |a профессиональный английский язык 
610 1 |a профессиональный иностранный язык 
610 1 |a самостоятельные работы 
610 1 |a грамматические навыки 
610 1 |a умения 
610 1 |a чтение 
610 1 |a говорение 
610 1 |a аудирование 
610 1 |a нефтегазовое дело 
610 1 |a геофизика 
610 1 |a бурение 
610 1 |a трубопроводы 
610 1 |a геоэкология 
686 |a Ш143.21-923  |2 rubbk 
701 1 |a Болсуновская  |b Л. М.  |c лингвист  |c доцент Томского политехнического университета, кандидат филологических наук  |f 1966-  |g Людмила Михайловна  |3 (RuTPU)RU\TPU\pers\26830  |9 12449 
701 1 |a Абрамова  |b Р. Н.  |c лингвист  |c доцент Томского политехнического университета  |f 1950-  |g Раиса Николаевна  |3 (RuTPU)RU\TPU\pers\26684 
701 1 |a Матвеенко  |b И. А.  |c лингвист  |c профессор Томского политехнического университета, доктор филологических наук  |f 1967-  |g Ирина Алексеевна  |3 (RuTPU)RU\TPU\pers\27693  |9 12767 
701 1 |a Терре  |b Д. А.  |c лингвист  |c доцент Томского политехнического университета, кандидат филологических наук  |f 1980-  |g Дина Анатольевна  |3 (RuTPU)RU\TPU\pers\27707  |9 12781 
801 2 |a RU  |b 63413507  |c 20161025  |g RCR 
856 4 |u http://www.lib.tpu.ru/fulltext2/m/2015/m260.pdf 
942 |c CF